Spomienka na Jozefa Medveďa

Bibliographic Details
Main Author: Rakyta, Daniel, 1942- (Author)
Format: Article
Language:Slovak
ISSN:0862-8823
Subjects:

MARC

LEADER 00000nab a2200000 ar4500
001 vtls008963513
003 SK-MaSNL
005 20260303070751.0
008 070412c2007 xo sr|p|||||||000 b|slo
015 |a SNBRB2007/04  |2 snkbucl 
038 |a SNKBUCL 
040 |a SNKBUCL  |b slo  |c SNKBUCL  |e AACR2 
041 |a slo 
044 |a xo  |c SK 
080 |a 791.44.071.1  |2 2001 
080 |a 929 Medveď, Jozef  |2 2001 
100 1 |a Rakyta, Daniel,  |d 1942-   |4 aut  |9 77550 
245 1 0 |a Spomienka na Jozefa Medveďa  |c Daniel Rakyta 
600 1 7 |a Medveď, Jozef,  |d 1927-1984  |2 snkbucl  |9 98443 
773 0 |t Slovenské národné noviny  |g Roč. 18 (22), č. 6 (2007), s. 2  |x 0862-8823 
852 |a SNK  |b KIS3GCP 
958 |a BX 
999 |c 1756838  |d 1758768